|
|
|
|
| LEADER |
02297nam a22002897a 4500 |
| 001 |
37989 |
| 003 |
BD-DhAAL |
| 005 |
20220307133043.0 |
| 008 |
220307t19951997ii ||||| |||| 00| 0 eng d |
| 999 |
|
|
|c 43685
|d 43685
|
| 020 |
|
|
|a 0195642686
|
| 040 |
|
|
|a BD-DhAAL
|
| 082 |
|
|
|a 305.800954
|2 21
|
| 245 |
|
|
|a The concept of race in South Asia /
|c edited by Peter Robb.
|
| 260 |
|
|
|a New York ;
|a Delhi :
|b Oxford University Press,
|c 1997.
|
| 300 |
|
|
|a ix, 354 pages ;
|c 22 cm.
|
| 490 |
|
|
|a SOAS studies on South Asia : understandings and perspectives series
|
| 504 |
|
|
|a Includes bibliographical references.
|
| 505 |
|
|
|a 1 Introduction: South Asia and the concept of race (starting p. 1) / Peter Robb --
2 The language of historians and the morphology of history (starting p. 77) / Kenneth Ballhatchet --
3 Concepts of race in the Mahabharata and Ramayana (starting p. 97) / John Brockington --
4 Is there a Tamil 'race'? (starting p. 109) / Dagmar Hellmann-Rajanayagam --
5 Racial identities and politics in early modern Sri Lanka (starting p. 146) / John D. Rogers --
6 Caste and 'race' in the colonial ethnography of India (starting p. 165) / Susan Bayly --
7 Race, caste and tribe in Central India: The early origins of Indian anthropometry (starting p. 219) / Crispin Bates --
8 Martial Gurkhas: The persistence of a British military discourse on 'race' (starting p. 260) / Lionel Caplan --
9 The effeminate and the masculine: Nationalism and the concept of race in colonial Bengal (starting p. 282) / Indira Chowdhury-Sengupta --
10 Race and pan-Islam in Iqbal's thought (starting p. 304) / Javed Majeed --
11 The ideas of the Hindu race in the writings of Hindu nationalist ideologues in the 1920s and 1930s: A concept between two cultures (starting p. 327) / Christophe Jaffrelot
|
| 541 |
|
|
|a Donated by Akbar Ali Khan
|e 37989
|
| 650 |
|
|
|a Race awareness
|z South Asia
|x History.
|9 46505
|
| 650 |
|
|
|a Ethnicity
|z South Asia
|x History.
|9 46506
|
| 651 |
|
|
|a South Asia
|z Race relations
|x History.
|9 46507
|
| 700 |
|
|
|a Robb, Peter
|9 46508
|
| 852 |
|
|
|a Ayesha Abed Library
|c Akbar Ali Khan Collection
|
| 942 |
|
|
|2 ddc
|c BK
|
| 952 |
|
|
|0 0
|1 0
|2 ddc
|4 0
|6 305_800954000000000_CON
|7 1
|9 70019
|a BRACUL
|b BRACUL
|c AAKC
|d 2022-03-07
|e Donated by Akbar Ali Khan
|l 0
|o 305.800954 CON
|p 3010037989
|r 2022-03-07
|t 1
|w 2022-03-07
|y BK
|